| 000 | 01102nam0a22003011 4500 | ||
|---|---|---|---|
| 001 | rc\2177766 | ||
| 005 | 20250623025743.0 | ||
| 035 | _a(NLR Aleph) 006537677 | ||
| 090 |
_a6602472 _c6602472 |
||
| 100 | _a20110826d1978 |||y0rusy50 ca | ||
| 101 | 0 | _arus | |
| 102 | _aRU | ||
| 105 | _ay z ||||| | ||
| 200 | 1 | _aИнтенсификация производства кормов на культурных пастбищах | |
| 210 |
_aМосква _cРоссельхозиздат _d1978 |
||
| 215 |
_a69 с. _d20 |
||
| 606 |
_aЛуга и пастбища _xУлучшение _yЧувашская АССР _2psbo |
||
| 606 |
_aЛуга и пастбища _xУлучшение _yТатарская АССР _2psbo |
||
| 686 |
_aП221-4,0 _2rubbk |
||
| 700 | 1 |
_aИльдеменов _bВ.И. _f1928- _gВалентин Игнатьевич |
|
| 701 | 1 |
_aНилов _bС.С. _gСтепан Сергеевич |
|
| 801 | 0 |
_aRU _bNLR _gpsbo |
|
| 801 | 1 |
_aRU _bELAR _2rusmarc |
|
| 852 |
_aNLR _j78-4/24238 |
||
| 899 |
_aRuMoRGB _jБ 78-55/1316 |
||
| 899 |
_aRuMoRGB _jБ 78-55/1317 |
||
| 942 | _cBOOK | ||
| 980 | _aNB | ||